000
00317nam a2200133Ia 4500
005
20251222143131.0
008
251222s9999||||xx |||||||||||||| ||spa||
020
_a
950-12-2140-7
082
_a
372.357/K26
100
_a
Kaufman, Miriam
245
0
_a
Enseñar Ciencias Naturales:
264
_b
Paidós
942
_c
LIB
999
_c
11937
_d
11937